[Event "Czech Open GM 2019"]
[Site "Pardubice"]
[Date "2019.07.22"]
[Round "4.31"]
[White "Siddharth, Jagadeesh"]
[Black "Meleshko, Volodymyr"]
[Result "0-1"]
[WhiteElo "2410"]
[BlackElo "2270"]
[Annotator "NA"]
[PlyCount "82"]
[EventDate "2019.07.19"]
[EventType "swiss"]
[EventCountry "CZE"]
[SourceTitle "playchess.com"]
[Source "ChessBase"]
[SourceQuality "1"]

1. Nf3 Nf6 2. c4 c5 3. d4 cxd4 4. Nxd4 b6 5. Nc3 Bb7 6. f3 e6 7. e4 d6 8. Be2 a6 9. O-O Nbd7 10. Be3 Be7 11. Qd2 O-O 12. Rfd1 Qc7 13. Rac1 Rac8 14. b3 Rfe8 15. Qe1 Qb8 16. g4 h6 17. h4 d5 18. g5 Nh5 19. cxd5 exd5 20. Nxd5 Bxd5 21. Rxc8 Qxc8 22. exd5 Ne5 23. Kg2 Ng6 24. Bf1 hxg5 25. hxg5 Bxg5 26. Bxg5 Rxe1 27. Rxe1 Qc7 28. Re8+ Kh7 29. Ne2 Qd7 30. Rd8 Qf5 31. f4 Nhxf4+ 32. Bxf4 Nxf4+ 33. Nxf4 Qg4+ 34. Kf2 Qxf4+ 35. Ke2 Qg4+ 36. Kd3 Qf3+ 37. Kd2 Qxf1 38. d6 Qf4+ 39. Kc2 Qf6 40. Ra8 a5 41. d7 Qc6+ 0-1

[Event "Czech Open GM 2019"]
[Site "Pardubice"]
[Date "2019.07.22"]
[Round "4.31"]
[White "Colas, Joshua"]
[Black "Kim, Jinsoo"]
[Result "0-1"]
[WhiteElo "2302"]
[BlackElo "2087"]
[Annotator "NA"]
[PlyCount "66"]
[EventDate "2019.07.19"]
[EventType "swiss"]
[EventCountry "CZE"]
[SourceTitle "playchess.com"]
[Source "ChessBase"]
[SourceQuality "1"]

1. Nf3 Nf6 2. c4 e6 3. g3 d5 4. Bg2 Be7 5. O-O O-O 6. cxd5 exd5 7. d4 c6 8. Nc3 h6 9. Qc2 Bg4 10. Ne5 Be6 11. f4 c5 12. dxc5 Bxc5+ 13. Kh1 Bd4 14. Nb5 Bb6 15. f5 Bc8 16. Bf4 Nc6 17. Nxc6 bxc6 18. Nc3 Re8 19. Rad1 Qe7 20. e4 Ba6 21. Rfe1 Ng4 22. Rd2 d4 23. Nd1 Ba5 24. e5 Bxd2 25. Qxd2 Qc5 26. b4 Qb5 27. a4 Qxa4 28. f6 gxf6 29. e6 Rxe6 30. Rxe6 fxe6 31. Bf3 Qb5 32. Qe1 Ne5 33. Bg2 Qe2 0-1

[Event "Czech Open GM 2019"]
[Site "Pardubice"]
[Date "2019.07.22"]
[Round "4.32"]
[White "Ratsma, Midas"]
[Black "Petr, Jan"]
[Result "1-0"]
[WhiteElo "2295"]
[BlackElo "2282"]
[Annotator "NA"]
[PlyCount "139"]
[EventDate "2019.07.19"]
[EventType "swiss"]
[EventCountry "CZE"]
[SourceTitle "playchess.com"]
[Source "ChessBase"]
[SourceQuality "1"]

1. d4 d5 2. Nf3 Nf6 3. c4 c6 4. Nc3 e6 5. e3 Bb4 6. Qc2 a6 7. Bd3 dxc4 8. Bxc4 b5 9. Bd3 Nbd7 10. O-O c5 11. Ne4 c4 12. Nxf6+ Qxf6 13. Be4 Rb8 14. b3 cxb3 15. axb3 Qe7 16. Bb2 h6 17. d5 e5 18. Bf5 O-O 19. Bxd7 Qxd7 20. Bxe5 Ra8 21. Qc6 Qxc6 22. dxc6 f6 23. Bg3 Be6 24. Nd4 Bd5 25. Rfc1 a5 26. Nxb5 Bxb3 27. Bd6 Bxd6 28. Nxd6 a4 29. Kf1 Be6 30. Ke1 a3 31. Nb5 Ra5 32. Nxa3 Rc8 33. f3 Kf7 34. e4 Ke7 35. Kf2 g6 36. h4 Rc7 37. Ke3 g5 38. Nc2 Rxa1 39. Rxa1 Rxc6 40. Nd4 Rc3+ 41. Kd2 Rc7 42. h5 Rb7 43. Ke3 Bd7 44. Ra6 Kf7 45. g3 Rc7 46. Ra3 Rb7 47. g4 Rc7 48. Kf2 Rb7 49. Kg3 Rc7 50. Ra6 Rb7 51. Ne2 Bb5 52. Ra2 Bxe2 53. Rxe2 Rb5 54. Ra2 Rb7 55. Ra6 Re7 56. Kf2 Kg7 57. Ke3 Rb7 58. Ra3 Kf7 59. f4 gxf4+ 60. Kxf4 Kg7 61. Ra5 Kf7 62. Kf5 Kg7 63. Rc5 Kf7 64. Rd5 Ra7 65. Rb5 Rc7 66. Ra5 Rb7 67. g5 hxg5 68. h6 Rc7 69. e5 fxe5 70. Ra8 1-0

[Event "Czech Open GM 2019"]
[Site "Pardubice"]
[Date "2019.07.22"]
[Round "4.32"]
[White "Zlatin, Alexander"]
[Black "Koykka, Pekka"]
[Result "1/2-1/2"]
[WhiteElo "2270"]
[BlackElo "2402"]
[Annotator "NA"]
[PlyCount "121"]
[EventDate "2019.07.19"]
[EventType "swiss"]
[EventCountry "CZE"]
[SourceTitle "playchess.com"]
[Source "ChessBase"]
[SourceQuality "1"]

1. e4 c5 2. Nf3 d6 3. Bb5+ Bd7 4. Bxd7+ Qxd7 5. O-O Nc6 6. d4 cxd4 7. Nxd4 Nf6 8. Nc3 g6 9. f3 Bg7 10. Be3 O-O 11. Qd2 Rfc8 12. Rad1 a6 13. Na4 Qd8 14. Qf2 Qa5 15. Nxc6 Rxc6 16. Nb6 Re8 17. a3 Bh6 18. Bxh6 Qxb6 19. Qxb6 Rxb6 20. b3 Rc8 21. Rf2 Nd7 22. Kf1 Rbc6 23. Rdd2 b5 24. Ke1 f6 25. Be3 Kf7 26. Kd1 g5 27. Rd4 h5 28. a4 bxa4 29. Rxa4 g4 30. Ra5 gxf3 31. Rxh5 fxg2 32. Rxg2 Nc5 33. Rg4 Ke6 34. Rh7 R6c7 35. h4 a5 36. Rh5 a4 37. Bxc5 Rxc5 38. Rxc5 Rxc5 39. bxa4 Rc4 40. h5 Rxa4 41. Rh4 Kf7 42. h6 Ra8 43. Kd2 Kg6 44. Kd3 Rh8 45. Kc4 e6 46. Kb5 Rxh6 47. Rxh6+ Kxh6 48. c4 e5 49. Kc6 f5 50. Kxd6 fxe4 51. c5 e3 52. c6 e2 53. c7 e1=Q 54. c8=Q e4 55. Ke5 e3 56. Ke4 e2 57. Ke3 Kg5 58. Qg8+ Kf6 59. Qf8+ Ke6 60. Qf2 Qxf2+ 61. Ke4 1/2-1/2

[Event "Czech Open GM 2019"]
[Site "Pardubice"]
[Date "2019.07.22"]
[Round "4.33"]
[White "Moksh Amit Doshi"]
[Black "Kosakowski, Jakub"]
[Result "1/2-1/2"]
[WhiteElo "2229"]
[BlackElo "2394"]
[Annotator "NA"]
[PlyCount "77"]
[EventDate "2019.07.19"]
[EventType "swiss"]
[EventCountry "CZE"]
[SourceTitle "playchess.com"]
[Source "ChessBase"]
[SourceQuality "1"]

1. d4 Nf6 2. c4 e6 3. Nf3 d5 4. Nc3 Bb4 5. cxd5 exd5 6. Bg5 h6 7. Bh4 O-O 8. e3 Bf5 9. Qb3 Bxc3+ 10. Qxc3 Nbd7 11. Be2 c6 12. Nd2 Re8 13. f3 Qe7 14. Bf2 c5 15. O-O Rac8 16. Rac1 c4 17. b3 b5 18. Qa5 Qd6 19. bxc4 bxc4 20. Nxc4 Qc6 21. Ra1 Bg6 22. Na3 a6 23. Bd1 Bd3 24. Re1 Nb6 25. Bb3 Qe6 26. Rac1 Nc4 27. Nxc4 dxc4 28. Bc2 Bxc2 29. Rxc2 Nd5 30. Bg3 Nxe3 31. Rce2 Qd7 32. Rxe3 Rxe3 33. Rxe3 c3 34. Qa3 Qxd4 35. Bf2 c2 36. Re1 Qc3 37. Qc1 Rd8 38. h3 Rd2 39. Be3 1/2-1/2

[Event "Czech Open GM 2019"]
[Site "Pardubice"]
[Date "2019.07.22"]
[Round "4.33"]
[White "Balazs, Balint"]
[Black "Hollan, Petr"]
[Result "0-1"]
[WhiteElo "2100"]
[BlackElo "2287"]
[Annotator "NA"]
[PlyCount "90"]
[EventDate "2019.07.19"]
[EventType "swiss"]
[EventCountry "CZE"]
[SourceTitle "playchess.com"]
[Source "ChessBase"]
[SourceQuality "1"]

1. d4 Nf6 2. Nf3 d5 3. Bf4 e6 4. e3 c5 5. c3 Nc6 6. Nbd2 cxd4 7. exd4 Nh5 8. Be3 Bd6 9. Ne5 g6 10. g4 Ng7 11. f4 f6 12. Nd3 O-O 13. Bg2 Bd7 14. Qe2 Rc8 15. h4 Ne7 16. a4 Qe8 17. O-O Bxa4 18. b3 Bd7 19. c4 Bb8 20. Bf2 dxc4 21. bxc4 Bc6 22. Bxc6 Nxc6 23. Rfe1 Qf7 24. Ne4 Rcd8 25. Qb2 h6 26. g5 fxg5 27. hxg5 hxg5 28. fxg5 Nh5 29. Ne5 Qf5 30. Nxc6 Qg4+ 31. Kf1 bxc6 32. Ra3 Ng3+ 33. Rxg3 Bxg3 34. Nf6+ Rxf6 35. gxf6 Bxf2 36. Kxf2 Qxd4+ 37. Qxd4 Rxd4 38. Rxe6 Rxc4 39. Re7 Rf4+ 40. Kg3 Rxf6 41. Rxa7 Rf7 42. Ra8+ Kg7 43. Rc8 Rf6 44. Kg4 Re6 45. Kg5 Kf7 0-1

[Event "Czech Open GM 2019"]
[Site "Pardubice"]
[Date "2019.07.22"]
[Round "4.34"]
[White "Barua, Dibyendu"]
[Black "Mladek, Richard"]
[Result "1-0"]
[WhiteElo "2393"]
[BlackElo "2253"]
[Annotator "NA"]
[PlyCount "100"]
[EventDate "2019.07.19"]
[EventType "swiss"]
[EventCountry "CZE"]
[SourceTitle "playchess.com"]
[Source "ChessBase"]
[SourceQuality "1"]

1. e4 c5 2. Nf3 d6 3. d4 cxd4 4. Nxd4 Nf6 5. Nc3 a6 6. h3 e5 7. Nde2 h5 8. g3 Be6 9. Bg2 Nbd7 10. a4 Rc8 11. b3 h4 12. g4 Be7 13. Be3 Nh7 14. a5 O-O 15. O-O Re8 16. Qd2 Nc5 17. Rfd1 Nf8 18. Na4 Nxa4 19. Rxa4 Qc7 20. Ra2 Bd7 21. Bg5 Bc6 22. c4 Ne6 23. Bxe7 Rxe7 24. Qe3 Rd7 25. Nc3 Rdd8 26. b4 Nf4 27. Bf1 f5 28. exf5 d5 29. cxd5 Bxd5 30. Nxd5 Nxd5 31. Qb3 Qc3 32. Qxc3 Nxc3 33. Rxd8+ Rxd8 34. Rc2 Ne4 35. Bg2 Rd1+ 36. Kh2 Re1 37. Bf3 Ng5 38. Bxb7 e4 39. Kg2 Rb1 40. Rc4 e3 41. fxe3 Rb2+ 42. Kf1 Nxh3 43. Bxa6 Rb1+ 44. Kg2 Ng5 45. Bb7 Rb2+ 46. Kf1 h3 47. a6 Rb1+ 48. Kf2 h2 49. a7 Nh3+ 50. Kg3 h1=N+ 1-0

[Event "Czech Open GM 2019"]
[Site "Pardubice"]
[Date "2019.07.22"]
[Round "4.34"]
[White "Kolar, Stanislav"]
[Black "Godzwon, Iwo"]
[Result "0-1"]
[WhiteElo "2100"]
[BlackElo "2285"]
[Annotator "NA"]
[PlyCount "140"]
[EventDate "2019.07.19"]
[EventType "swiss"]
[EventCountry "CZE"]
[SourceTitle "playchess.com"]
[Source "ChessBase"]
[SourceQuality "1"]

1. Nf3 c5 2. e3 g6 3. c4 Bg7 4. Nc3 Nf6 5. d4 O-O 6. Be2 cxd4 7. exd4 d5 8. h3 Nc6 9. O-O dxc4 10. Bxc4 Na5 11. Be2 Be6 12. b3 Rc8 13. Bb2 Nd5 14. Qd2 Nxc3 15. Bxc3 Nc6 16. Rfd1 Bd5 17. Rac1 Qd6 18. Ne5 Rfd8 19. Nxc6 Rxc6 20. Bb4 Qf6 21. Rxc6 Bxc6 22. Qe3 e6 23. Bc3 Bd5 24. Bb2 h5 25. Rc1 Qe7 26. Rc2 Qd7 27. Qc1 Bc6 28. Rc4 Qd6 29. Ba3 Qb8 30. Bb2 Bb5 31. Rc2 Bxe2 32. Rxe2 Bxd4 33. Bxd4 Rxd4 34. g3 Qd8 35. Qe3 Qd5 36. Re1 h4 37. Rc1 hxg3 38. Qxg3 e5 39. Re1 Rd1 40. Rxd1 Qxd1+ 41. Kg2 Qd5+ 42. Kg1 Qe4 43. a4 Kg7 44. Qc3 Kf6 45. b4 a6 46. a5 Kg5 47. Qd2+ Kh5 48. Qd7 f6 49. Qe7 Kg5 50. Qf8 Qd5 51. Qc8 Qc6 52. Qg4+ Kh6 53. Qd1 Kg7 54. Qd2 e4 55. Qd8 Kf7 56. Qh8 Ke6 57. Qg8+ Kf5 58. Qb3 Qd6 59. Qc3 Qd1+ 60. Kh2 Qd5 61. Kg1 g5 62. Qc8+ Ke5 63. Qc3+ Ke6 64. Qc8+ Kf7 65. Qc7+ Kg6 66. Qc8 Qc6 67. Qg8+ Kf5 68. Qb3 Ke5 69. Kf1 Kd4 70. Ke2 Qc4+ 0-1

[Event "Czech Open GM 2019"]
[Site "Pardubice"]
[Date "2019.07.22"]
[Round "4.35"]
[White "Cholleti, Sahajasri"]
[Black "De Rover, Yong Hoon"]
[Result "0-1"]
[WhiteElo "2223"]
[BlackElo "2391"]
[Annotator "NA RC"]
[PlyCount "102"]
[EventDate "2019.07.19"]
[EventType "swiss"]
[EventCountry "CZE"]
[SourceTitle "playchess.com"]
[Source "ChessBase"]
[SourceQuality "1"]

1. Nf3 d5 2. d4 Nf6 3. c4 c6 4. e3 Bf5 5. Nc3 e6 6. Nh4 Be4 7. f3 Bg6 8. Qb3 Qc7 9. Bd2 Be7 10. g3 a6 11. Rc1 dxc4 12. Bxc4 c5 13. dxc5 Nc6 14. Be2 Rd8 15. Nxg6 hxg6 16. Qc2 Bxc5 17. Nb5 Qd7 18. Rd1 Qe7 19. Nc3 Nb4 20. Qa4+ b5 21. Qb3 O-O 22. a3 Nc6 23. Qc2 Qa7 24. Kf2 Ne7 25. Ne4 Nxe4+ 26. Qxe4 Nd5 27. Bc1 Rc8 28. h4 Bb6 29. Bd2 Rfd8 30. f4 Nf6 31. Qf3 Rc2 32. Bc3 Bxe3+ 33. Kg2 Rxd1 34. Rxd1 Nd5 35. Rd3 Bb6 36. Qe4 Bg1 37. Rf3 Rc1 38. Qe5 Nxc3 39. bxc3 Bc5 40. Rd3 Be7 41. Qd4 Qc7 42. h5 gxh5 43. Bxh5 Bf6 44. Qe4 Qc5 45. Be2 g6 46. g4 Qg1+ 47. Kf3 Bh4 48. Qa8+ Kh7 49. Ke4 Re1 50. Re3 Qg2+ 51. Bf3 Qc2+ 0-1

[Event "Czech Open GM 2019"]
[Site "Pardubice"]
[Date "2019.07.22"]
[Round "4.35"]
[White "Pcola, Jaroslav"]
[Black "Ratsma, Rosa"]
[Result "0-1"]
[WhiteElo "2093"]
[BlackElo "2282"]
[Annotator "NA"]
[PlyCount "53"]
[EventDate "2019.07.19"]
[EventType "swiss"]
[EventCountry "CZE"]
[SourceTitle "playchess.com"]
[Source "ChessBase"]
[SourceQuality "1"]

1. e4 e5 2. Nf3 Nc6 3. Bc4 Bc5 4. O-O Nf6 5. d3 O-O 6. c3 d5 7. exd5 Nxd5 8. Re1 Bg4 9. Nbd2 Nb6 10. Ne4 Nxc4 11. Nxc5 Nd6 12. h3 Bh5 13. g4 Bg6 14. Bg5 Qe8 15. d4 f6 16. Bh4 Kh8 17. Bg3 b6 18. Nb3 Ne4 19. Bh2 Qf7 20. Nbd2 Nxd2 21. Qxd2 Rad8 22. b3 exd4 23. Nh4 f5 24. Nxg6+ Qxg6 25. Bg3 fxg4 26. c4 d3 27. Qd1 0-1

[Event "Czech Open GM 2019"]
[Site "Pardubice"]
[Date "2019.07.22"]
[Round "4.36"]
[White "Schmidek, Emil"]
[Black "Grabinsky, Vladimir"]
[Result "1-0"]
[WhiteElo "2391"]
[BlackElo "2226"]
[Annotator "NA"]
[PlyCount "93"]
[EventDate "2019.07.19"]
[EventType "swiss"]
[EventCountry "CZE"]
[SourceTitle "playchess.com"]
[Source "ChessBase"]
[SourceQuality "1"]

1. e4 e5 2. Nf3 Nf6 3. Nxe5 d6 4. Nf3 Nxe4 5. Nc3 Nxc3 6. dxc3 Be7 7. Be3 Nc6 8. Qd2 Be6 9. h4 h6 10. O-O-O Qd7 11. Nd4 Nxd4 12. Bxd4 Rg8 13. c4 c5 14. Bc3 O-O-O 15. g3 Qc6 16. Bh3 Bxh3 17. Rxh3 Qa4 18. Qe2 Rge8 19. Qg4+ Kb8 20. Kb1 g6 21. h5 g5 22. b3 Qc6 23. Qf5 Bf8 24. Rd5 Qc8 25. g4 Qxf5 26. Rxf5 Kc7 27. Rxf7+ Rd7 28. Rhf3 Rxf7 29. Rxf7+ Kc6 30. Kc1 a6 31. a4 b5 32. axb5+ axb5 33. Kd2 bxc4 34. bxc4 d5 35. Bg7 Bxg7 36. Rxg7 Re4 37. Rg6+ Kd7 38. f3 Rd4+ 39. Kc1 dxc4 40. Rxh6 Rf4 41. Rg6 Rxf3 42. Rxg5 c3 43. Kd1 Rf2 44. Rxc5 Rd2+ 45. Kc1 Rg2 46. Rxc3 Rxg4 47. Rh3 1-0

[Event "Czech Open GM 2019"]
[Site "Pardubice"]
[Date "2019.07.22"]
[Round "4.36"]
[White "Novotny, Michal"]
[Black "Kim, Yunseo"]
[Result "1/2-1/2"]
[WhiteElo "2280"]
[BlackElo "2075"]
[Annotator "NA"]
[PlyCount "30"]
[EventDate "2019.07.19"]
[EventType "swiss"]
[EventCountry "CZE"]
[SourceTitle "playchess.com"]
[Source "ChessBase"]
[SourceQuality "1"]

1. d4 Nf6 2. Nf3 d5 3. e3 c5 4. dxc5 e6 5. c4 Bxc5 6. Nc3 O-O 7. cxd5 exd5 8. Be2 Nc6 9. O-O a6 10. b3 d4 11. Na4 Ba7 12. exd4 Nxd4 13. Nxd4 Bxd4 14. Bb2 Bxb2 15. Nxb2 Bf5 1/2-1/2

[Event "Czech Open GM 2019"]
[Site "Pardubice"]
[Date "2019.07.22"]
[Round "4.37"]
[White "Szustakowski, Antoni"]
[Black "Malinovsky, Petr"]
[Result "1-0"]
[WhiteElo "2279"]
[BlackElo "2058"]
[Annotator "NA"]
[PlyCount "53"]
[EventDate "2019.07.19"]
[EventType "swiss"]
[EventCountry "CZE"]
[SourceTitle "playchess.com"]
[Source "ChessBase"]
[SourceQuality "1"]

1. d4 d5 2. c4 e6 3. Nc3 c6 4. e4 Bb4 5. cxd5 exd5 6. e5 Ne7 7. a3 Ba5 8. b4 Bc7 9. Nf3 Bg4 10. Bd3 h6 11. O-O O-O 12. Be2 Nd7 13. Re1 b6 14. Be3 f6 15. exf6 Rxf6 16. b5 cxb5 17. Nxb5 Bb8 18. Rc1 Nf5 19. Bd2 Rg6 20. Qb3 Nf6 21. Ne5 Bxe5 22. dxe5 Bxe2 23. Rxe2 Nh5 24. Qf3 Qh4 25. Qxf5 Kh7 26. Rc6 Nf6 27. exf6 1-0

[Event "Czech Open GM 2019"]
[Site "Pardubice"]
[Date "2019.07.22"]
[Round "4.37"]
[White "Medvedyk, Volodymyr"]
[Black "Sarkar, Justin"]
[Result "0-1"]
[WhiteElo "2197"]
[BlackElo "2389"]
[Annotator "NA"]
[PlyCount "104"]
[EventDate "2019.07.19"]
[EventType "swiss"]
[EventCountry "CZE"]
[SourceTitle "playchess.com"]
[Source "ChessBase"]
[SourceQuality "1"]

1. e4 c5 2. Nf3 g6 3. d4 cxd4 4. Qxd4 Nf6 5. Nc3 Nc6 6. Qa4 d6 7. e5 dxe5 8. Nxe5 Bd7 9. Nxd7 Qxd7 10. Be3 Bg7 11. Be2 O-O 12. Rd1 Qc7 13. O-O a6 14. Qh4 Rad8 15. Qg3 Qa5 16. Bf3 Ne5 17. Bxb7 Rb8 18. Bd5 Nh5 19. Qh4 Rxb2 20. Bd4 Rb4 21. Kh1 e6 22. Bb3 Nc6 23. Ne2 e5 24. c3 Rxb3 25. axb3 exd4 26. cxd4 Qd5 27. Qh3 Re8 28. Qd3 Nb4 29. Qd2 a5 30. Ng3 Nxg3+ 31. fxg3 Nc6 32. Rf3 Nxd4 33. Rd3 Qc5 34. Re1 Rxe1+ 35. Qxe1 Bf6 36. h3 Kg7 37. Qd1 h5 38. Re3 Nf5 39. Rd3 Qe5 40. g4 hxg4 41. hxg4 Ng3+ 42. Kg1 Bg5 43. Rxg3 Qxg3 44. Qa1+ f6 45. Qa2 Qe1+ 46. Kh2 Bf4+ 47. g3 Qxg3+ 48. Kh1 Qh3+ 49. Kg1 Be3+ 50. Qf2 Qg3+ 51. Kh1 Bxf2 52. g5 Qh3# 0-1

[Event "Czech Open GM 2019"]
[Site "Pardubice"]
[Date "2019.07.22"]
[Round "4.38"]
[White "Yagupov, Igor"]
[Black "Nikologorsky, Matfei"]
[Result "1-0"]
[WhiteElo "2385"]
[BlackElo "2223"]
[Annotator "NA"]
[PlyCount "113"]
[EventDate "2019.07.19"]
[EventType "swiss"]
[EventCountry "CZE"]
[SourceTitle "playchess.com"]
[Source "ChessBase"]
[SourceQuality "1"]

1. e4 c5 2. Nf3 e6 3. d4 cxd4 4. Nxd4 a6 5. Bd3 Qc7 6. O-O Nf6 7. Qe2 d6 8. c4 g6 9. Nc3 Bg7 10. Nf3 Nbd7 11. Bf4 O-O 12. Rac1 b6 13. Rfd1 Bb7 14. Bb1 Ne5 15. Nxe5 dxe5 16. Be3 Rab8 17. f3 Nd7 18. b4 Rfc8 19. Na4 Bc6 20. b5 Ba8 21. c5 Nxc5 22. Nxc5 bxc5 23. Rxc5 Qa5 24. Rxc8+ Rxc8 25. bxa6 Bf8 26. Bd3 Rc3 27. Rc1 Ra3 28. Rc8 Rxd3 29. Rxa8 Kg7 30. Qxd3 Qe1+ 31. Qf1 Qxe3+ 32. Kh1 Bc5 33. Rc8 Bd4 34. Rc2 h5 35. g3 g5 36. Kg2 g4 37. Re2 Qa3 38. fxg4 hxg4 39. Re1 Kg6 40. Qe2 f5 41. Rh1 Kf6 42. Rf1 Kg5 43. exf5 Qa5 44. h4+ gxh3+ 45. Kxh3 exf5 46. Qd3 f4 47. gxf4+ exf4 48. Rd1 Qxa2 49. Qxd4 Qe6+ 50. Kh2 Qe2+ 51. Kg1 Qxa6 52. Rd2 Kg4 53. Rg2+ Kf5 54. Qd5+ Kf6 55. Qg5+ Kf7 56. Qg8+ Ke7 57. Rg7+ 1-0

[Event "Czech Open GM 2019"]
[Site "Pardubice"]
[Date "2019.07.22"]
[Round "4.38"]
[White "Skalsky, Alexandr"]
[Black "Iliaguev, Kafar"]
[Result "0-1"]
[WhiteElo "2049"]
[BlackElo "2276"]
[Annotator "NA"]
[PlyCount "112"]
[EventDate "2019.07.19"]
[EventType "swiss"]
[EventCountry "CZE"]
[SourceTitle "playchess.com"]
[Source "ChessBase"]
[SourceQuality "1"]

1. e4 e6 2. d4 d5 3. Nc3 Bb4 4. e5 Ne7 5. Bd2 b6 6. Nce2 Bxd2+ 7. Qxd2 c5 8. f4 Ba6 9. Nf3 Nbc6 10. Ng3 Bxf1 11. Rxf1 O-O 12. Ne2 Rc8 13. g4 cxd4 14. Nexd4 Nxd4 15. Nxd4 Nc6 16. O-O-O Nxd4 17. Qxd4 Qh4 18. Qg1 Rc4 19. Qg3 Qxg3 20. hxg3 h6 21. Rfe1 g5 22. b3 Rc3 23. Rh1 Rxg3 24. Rxh6 gxf4 25. Rdh1 Kg7 26. Rh7+ Kg6 27. R1h4 f3 28. Kd2 d4 29. Ke1 Rg2 30. R4h6+ Kg5 31. Rf6 Rc8 32. Rxf3 Rcxc2 33. Kf1 Rxa2 34. Rg7+ Kh6 35. Rgxf7 Rgb2 36. R7f6+ Kg5 37. Kg1 Ra1+ 38. Rf1 Rxf1+ 39. Kxf1 Kxg4 40. Rxe6 Kf5 41. Re7 a5 42. e6 Rxb3 43. Re8 Kf6 44. e7 Kf7 45. Rd8 Kxe7 46. Rxd4 Re3 47. Kf2 Re6 48. Kf3 Rd6 49. Rc4 Kd7 50. Ke4 Rc6 51. Ra4 Kc7 52. Kd4 Rc5 53. Ra1 Kc6 54. Ra2 Kb5 55. Rb2+ Ka6 56. Ra2 Rc8 0-1

[Event "Czech Open GM 2019"]
[Site "Pardubice"]
[Date "2019.07.22"]
[Round "4.39"]
[White "Rozman, Levy"]
[Black "Mullick, Raahil"]
[Result "0-1"]
[WhiteElo "2382"]
[BlackElo "2211"]
[Annotator "NA"]
[PlyCount "84"]
[EventDate "2019.07.19"]
[EventType "swiss"]
[EventCountry "CZE"]
[SourceTitle "playchess.com"]
[Source "ChessBase"]
[SourceQuality "1"]

1. d4 d5 2. c4 c6 3. Nc3 dxc4 4. e3 b5 5. a4 b4 6. Ne4 Qd5 7. Nd2 c3 8. Ndf3 cxb2 9. Bxb2 Ba6 10. Ne2 Nf6 11. Nf4 Qa5 12. Qb3 Bxf1 13. Ne5 Nd5 14. e4 f6 15. Nxc6 Nxc6 16. exd5 Ba6 17. dxc6 Qf5 18. Qf3 Qc2 19. c7 Rc8 20. Rc1 Qxb2 21. Qc6+ Kf7 22. Qd5+ Ke8 23. Kd1 Qxf2 24. g3 b3 25. Qc6+ Kf7 26. Qxa6 Qxd4+ 27. Ke2 Qe5+ 28. Kf3 Rxc7 29. Rhe1 Rc3+ 30. Kg2 b2 31. Rcd1 Rc2+ 32. Kh1 Rc1 33. Rxe5 Rxd1+ 34. Kg2 b1=Q 35. Qc4+ Ke8 36. Qc6+ Rd7 37. Rb5 Qa2+ 38. Kh3 g5 39. Ne6 h5 40. Rb8+ Kf7 41. Nxg5+ fxg5 42. Qxd7 g4+ 0-1

[Event "Czech Open GM 2019"]
[Site "Pardubice"]
[Date "2019.07.22"]
[Round "4.39"]
[White "Solc, Filip"]
[Black "Zeman, Matyas"]
[Result "1/2-1/2"]
[WhiteElo "1987"]
[BlackElo "2275"]
[Annotator "NA"]
[PlyCount "42"]
[EventDate "2019.07.19"]
[EventType "swiss"]
[EventCountry "CZE"]
[SourceTitle "playchess.com"]
[Source "ChessBase"]
[SourceQuality "1"]

1. e4 c5 2. Nf3 Nc6 3. Bb5 g6 4. O-O Bg7 5. Nc3 Nd4 6. Nxd4 cxd4 7. Ne2 e6 8. d3 Ne7 9. Qe1 O-O 10. f3 Nc6 11. Ba4 d5 12. Bb3 dxe4 13. fxe4 b5 14. Bd2 Bd7 15. Qg3 a5 16. a4 bxa4 17. Bxa4 Nb4 18. Bxb4 axb4 19. Bb3 Qb6 20. Qh4 Qd6 21. Nf4 h6 1/2-1/2

[Event "Czech Open GM 2019"]
[Site "Pardubice"]
[Date "2019.07.22"]
[Round "4.40"]
[White "Krishna Teja, N."]
[Black "Muhseen Abdullah Mohammed"]
[Result "1-0"]
[WhiteElo "2368"]
[BlackElo "2200"]
[Annotator "NA RC"]
[PlyCount "77"]
[EventDate "2019.07.19"]
[EventType "swiss"]
[EventCountry "CZE"]
[SourceTitle "playchess.com"]
[Source "ChessBase"]
[SourceQuality "1"]

1. d4 Nf6 2. c4 g6 3. Nc3 Bg7 4. e4 d6 5. Be2 O-O 6. Nf3 a5 7. Bg5 Qe8 8. e5 dxe5 9. dxe5 Ng4 10. Nd5 Qd7 11. Nxe7+ Kh8 12. Qxd7 Nxd7 13. Nxc8 Raxc8 14. e6 fxe6 15. Rd1 Nde5 16. c5 Nc6 17. h3 Nge5 18. O-O Rb8 19. Be3 Nb4 20. Nxe5 Bxe5 21. Bc4 Bxb2 22. Bxe6 Rbd8 23. Bg5 Rd3 24. Bc4 Rd4 25. Bb3 Nc6 26. Be3 Rdd8 27. Bd5 Kg7 28. a4 Nb4 29. Bxb7 c6 30. Rxd8 Rxd8 31. Bf4 Kf6 32. h4 Kf5 33. Bc7 Rd4 34. Bxa5 Nd3 35. Bb6 Rxa4 36. Bxc6 Rb4 37. Bd7+ Ke4 38. c6 Nf4 39. Re1+ 1-0

[Event "Czech Open GM 2019"]
[Site "Pardubice"]
[Date "2019.07.22"]
[Round "4.40"]
[White "Nehyba, Martin"]
[Black "Maetzkow, Maximilian Paul"]
[Result "0-1"]
[WhiteElo "2090"]
[BlackElo "2274"]
[Annotator "NA"]
[PlyCount "48"]
[EventDate "2019.07.19"]
[EventType "swiss"]
[EventCountry "CZE"]
[SourceTitle "playchess.com"]
[Source "ChessBase"]
[SourceQuality "1"]

1. e4 c5 2. Nf3 d6 3. d4 cxd4 4. Nxd4 Nf6 5. Nc3 g6 6. f3 Bg7 7. Be3 a6 8. Qd2 h5 9. O-O-O b5 10. Kb1 Bb7 11. Bd3 Nbd7 12. Rhe1 Rc8 13. Bg1 O-O 14. h3 Ne5 15. g4 Nc4 16. Bxc4 Rxc4 17. g5 Nd7 18. f4 Nc5 19. a3 e5 20. Nb3 Nxe4 21. Nxe4 Bxe4 22. Na1 d5 23. b3 Rc8 24. Qb4 Qc7 0-1

[Event "Czech Open GM 2019"]
[Site "Pardubice"]
[Date "2019.07.22"]
[Round "4.41"]
[White "Gibicar, Danijel"]
[Black "Kim, Andrey"]
[Result "0-1"]
[WhiteElo "2273"]
[BlackElo "2048"]
[Annotator "NA"]
[PlyCount "106"]
[EventDate "2019.07.19"]
[EventType "swiss"]
[EventCountry "CZE"]
[SourceTitle "playchess.com"]
[Source "ChessBase"]
[SourceQuality "1"]

1. e4 c6 2. d4 d5 3. exd5 cxd5 4. c4 Nf6 5. Nc3 g6 6. cxd5 Nxd5 7. Bc4 Nb6 8. Bb3 Bg7 9. Be3 O-O 10. Nge2 Nc6 11. O-O Na5 12. d5 Nac4 13. Nd4 Nxe3 14. fxe3 a6 15. Qf3 Nd7 16. Rad1 Ne5 17. Qg3 Qb6 18. Ne4 Ng4 19. h3 Be5 20. Qe1 Nf6 21. d6 Nxe4 22. dxe7 Bh2+ 23. Kh1 Ng3+ 24. Qxg3 Bxg3 25. Rxf7 Be6 26. Rxf8+ Rxf8 27. Nxe6 Re8 28. Rf1 Bd6 29. Rf8+ Rxf8 30. Nxf8+ Qxb3 31. axb3 Bxe7 32. Ne6 Kf7 33. Nf4 Bc5 34. e4 Bd4 35. Nd3 a5 36. Kh2 b5 37. Kg3 a4 38. bxa4 bxa4 39. Kf4 Bxb2 40. g4 a3 41. Nb4 Kf6 42. h4 Bc1+ 43. Kf3 Bd2 44. Na2 Ke5 45. Ke2 Bg5 46. h5 Kxe4 47. hxg6 hxg6 48. Nc3+ Kf4 49. Kd3 Kxg4 50. Kc2 Be7 51. Nd5 Bd6 52. Ne3+ Kh3 53. Nc4 Bc5 0-1

[Event "Czech Open GM 2019"]
[Site "Pardubice"]
[Date "2019.07.22"]
[Round "4.41"]
[White "Frolov, Aleksey G"]
[Black "Skliarov, Viktor"]
[Result "0-1"]
[WhiteElo "2174"]
[BlackElo "2360"]
[Annotator "NA"]
[PlyCount "68"]
[EventDate "2019.07.19"]
[EventType "swiss"]
[EventCountry "CZE"]
[SourceTitle "playchess.com"]
[Source "ChessBase"]
[SourceQuality "1"]

1. e4 c5 2. Nf3 Nc6 3. d4 cxd4 4. Nxd4 Nf6 5. Nc3 e5 6. Ndb5 d6 7. Bg5 a6 8. Na3 b5 9. Bxf6 gxf6 10. Nd5 f5 11. g3 Bg7 12. Bg2 fxe4 13. Bxe4 Be6 14. c3 O-O 15. Ne3 Rc8 16. Qh5 h6 17. Rd1 Ne7 18. g4 b4 19. cxb4 Qb6 20. b5 d5 21. Bb1 d4 22. Nf5 Nxf5 23. gxf5 Bd5 24. Rg1 Qf6 25. bxa6 Qxa6 26. Qh4 Kh8 27. Rxg7 Kxg7 28. Rd3 Rc1+ 29. Kd2 Rxb1 30. f6+ Kh7 31. Nxb1 Qxa2 32. Na3 Qxb2+ 33. Ke1 Rg8 34. Rg3 Bf3 0-1